Les meilleurs buteurs de l'histoire de l'Argentine - Statistiques

Statistiques générales
  • Ce quiz a été pris 130 fois
  • Le résultat moyen est 6 sur 13
Statistiques - réponses
Rang Période Buts Sélection Réponse % Correct
1 2005- 90 164 Messi
99%
5 1977-1994 34 91 Maradona
92%
7 2008- 25 123 Di maria
85%
6 2009-2019 31 75 Higuain
79%
3 2006-2021 41 101 Aguero
76%
2 1991-2002 54 77 Batistuta
59%
4 1995-2007 35 64 Crespo
56%
13 2018- 21 40 Martinez
53%
9 1976-1986 23 70 Passarella
9%
12 1975-1981 21 45 Luque
3%
8 1961-1967 24 25 Artime
2%
10 1931-1945 21 19 Masantonio
0%
11 1956-1962 21 29 Sanfilippo
0%
Aucun quiz correspondant
Distribution des résultats
% des personnes avec chaque résultat
Percentile par nombre de réponses
Votre historique - résultats
Vous n’avez pas pris ce quiz